| 000 | 00703nam a2200241 i 4500 | ||
|---|---|---|---|
| 001 | bg | ||
| 100 | 1 | _aREGEL, Wiesława | |
| 245 | 1 | 0 |
_aWykresy i obiekty graficzne w programie MATLAB / _cWiesława Regel. |
| 260 |
_aWarszawa : _b"Mikom", _c2003. |
||
| 300 |
_a110 s. : _bil. ; _c24 cm. |
||
| 504 | _aIndeks. | ||
| 650 | 9 | _aMatlab | |
| 655 | _aPodręczniki | ||
| 015 | _aPB 17289/2003 | ||
| 020 | _a8372793654 | ||
| 040 | _cBPK | ||
| 041 | 0 | _apol | |
| 080 | _a004.42(07) | ||
| 920 | _a83-7279-365-4 | ||
| 942 | _cKS | ||
| 008 | s pl f |000 0 pol | ||
| 999 |
_c46302 _d46302 |
||
| 856 |
_uhttp://koha.tu.koszalin.pl/cgi-bin/koha/opac-detail.pl?biblionumber=46302 _yKatalog online BPK |
||